MARC details
| 000 -LEADER |
| fixed length control field |
02444nam a2200457 i 4500 |
| 001 - CONTROL NUMBER |
| control field |
FLCin502730680 |
| 003 - CONTROL NUMBER IDENTIFIER |
| control field |
CoBoFLC |
| 005 - DATE AND TIME OF LATEST TRANSACTION |
| control field |
20210202111624.0 |
| 008 - FIXED-LENGTH DATA ELEMENTS--GENERAL INFORMATION |
| fixed length control field |
210111s2021 nyu j 000 1 eng d |
| 020 ## - INTERNATIONAL STANDARD BOOK NUMBER |
| International Standard Book Number |
9781534416109 |
| 020 ## - INTERNATIONAL STANDARD BOOK NUMBER |
| International Standard Book Number |
1534416102 |
| 040 ## - CATALOGING SOURCE |
| Original cataloging agency |
CoBoFLC |
| Language of cataloging |
eng |
| Description conventions |
rda |
| Transcribing agency |
CoBoFLC |
| 082 00 - DEWEY DECIMAL CLASSIFICATION NUMBER |
| Classification number |
FIC |
| 092 ## - LOCALLY ASSIGNED DEWEY CALL NUMBER (OCLC) |
| Classification number |
junior fiction |
| Item number |
McMann |
| 100 1# - MAIN ENTRY--PERSONAL NAME |
| Personal name |
McMann, Lisa, |
| Relator term |
author. |
| 9 (RLIN) |
56437 |
| 245 10 - TITLE STATEMENT |
| Title |
Dragon fury / (Unwanteds Quests Book 7) |
| Statement of responsibility, etc |
Lisa McMann. |
| 260 ## - PUBLICATION, DISTRIBUTION, ETC. (IMPRINT) |
| Place of publication, distribution, etc |
New York : |
| Name of publisher, distributor, etc |
Aladdin Paperbacks, |
| Date of publication, distribution, etc |
©2021. |
| 264 ## - Production, Publication, Distribution, Manufacture, and Copyright Notice. |
| Place of production, publication, distribution, manufacture |
New York : |
| Name of producer, publisher, distributor, manufacturer |
Aladdin, |
| Date of production, publication, distribution, manufacture, or copyr |
2021 |
| 300 ## - PHYSICAL DESCRIPTION |
| Extent |
466 pages ; |
| Dimensions |
22 cm. |
| 336 ## - Content Type |
| Content type term |
text |
| 337 ## - Media type |
| Media type term |
unmediated |
| 338 ## - Carrier type |
| Carrier type term |
volume |
| 440 ## - SERIES STATEMENT/ADDED ENTRY--TITLE |
| Title |
Unwanteds Quests : |
| Volume number/sequential designation |
Book 7. |
| 9 (RLIN) |
6402499 |
| 520 ## - SUMMARY, ETC. |
| Summary, etc |
Thisbe struggles to regain the trust of her brother Aaron and the people of Artimé after one crucial mistake forces her to abandon her intricate plan against the Revinir. Aaron is devastated by Thisbe's actions and refuses to hear her explanation, feeling a sense of responsibility for the wrong she's done mixed with his own deep regret and fears over his dark history. Complicating things are Thisbe's conflicted feelings about the Revinir, leaving her wondering if she allowed herself to get too close to the dragon-woman . . . and if she really is more evil than good after all. Risking everything they'd fought for since first being declared Unwanted, the people, creatures, and statues of Artimé and their allies make a final desperate attempt to take down the Revinir and bring peace to their world. But is the Revinir too powerful to defeat? |
| 650 #0 - SUBJECT ADDED ENTRY--TOPICAL TERM |
| Topical term or geographic name as entry element |
Magic |
| Form subdivision |
Juvenile fiction. |
| 9 (RLIN) |
5673690 |
| 650 #0 - SUBJECT ADDED ENTRY--TOPICAL TERM |
| Topical term or geographic name as entry element |
Mythical creatures |
| Form subdivision |
Juvenile fiction. |
| 9 (RLIN) |
6401069 |
| 650 #0 - SUBJECT ADDED ENTRY--TOPICAL TERM |
| Topical term or geographic name as entry element |
Dragons |
| Form subdivision |
Juvenile fiction. |
| 9 (RLIN) |
5673921 |
| 650 #0 - SUBJECT ADDED ENTRY--TOPICAL TERM |
| Topical term or geographic name as entry element |
Twins |
| Form subdivision |
Juvenile fiction. |
| 9 (RLIN) |
5674271 |
| 650 #0 - SUBJECT ADDED ENTRY--TOPICAL TERM |
| Topical term or geographic name as entry element |
Brothers and sisters |
| Form subdivision |
Juvenile fiction. |
| 9 (RLIN) |
5674032 |
| 650 #0 - SUBJECT ADDED ENTRY--TOPICAL TERM |
| Topical term or geographic name as entry element |
Imaginary places |
| Form subdivision |
Juvenile fiction. |
| 9 (RLIN) |
5688640 |
| 650 #0 - SUBJECT ADDED ENTRY--TOPICAL TERM |
| Topical term or geographic name as entry element |
Adventure and adventurers |
| Form subdivision |
Juvenile fiction. |
| 9 (RLIN) |
5674482 |
| 650 #1 - SUBJECT ADDED ENTRY--TOPICAL TERM |
| Topical term or geographic name as entry element |
Magic |
| Form subdivision |
Fiction. |
| 9 (RLIN) |
5673694 |
| 650 #1 - SUBJECT ADDED ENTRY--TOPICAL TERM |
| Topical term or geographic name as entry element |
Mythical creatures |
| Form subdivision |
Fiction. |
| 9 (RLIN) |
6401070 |
| 650 #1 - SUBJECT ADDED ENTRY--TOPICAL TERM |
| Topical term or geographic name as entry element |
Dragons |
| Form subdivision |
Fiction. |
| 9 (RLIN) |
5673926 |
| 650 #1 - SUBJECT ADDED ENTRY--TOPICAL TERM |
| Topical term or geographic name as entry element |
Siblings |
| Form subdivision |
Fiction. |
| 9 (RLIN) |
5708994 |
| 650 #1 - SUBJECT ADDED ENTRY--TOPICAL TERM |
| Topical term or geographic name as entry element |
Imaginary places |
| Form subdivision |
Fiction. |
| 9 (RLIN) |
5676147 |
| 655 #1 - INDEX TERM--GENRE/FORM |
| Genre/form data or focus term |
Adventure stories. |
| 9 (RLIN) |
5680139 |
| 655 #7 - INDEX TERM--GENRE/FORM |
| Genre/form data or focus term |
Fantasy fiction |
| Form subdivision |
Juvenile fiction. |
| 9 (RLIN) |
5735798 |
| 907 ## - LOCAL DATA ELEMENT G, LDG (RLIN) |
| a |
.b446026724 |
| 942 ## - ADDED ENTRY ELEMENTS (KOHA) |
| Source of classification or shelving scheme |
Dewey Decimal Classification |
| Koha item type |
BOOK |